Naučte se číst!

Gespeichert in:
Bibliographische Detailangaben
1. Verfasser: Papík, Richard
Format: Buch
Sprache:Tschechisch
Veröffentlicht: Praha Grada 1992
Ausgabe:1. vyd.
Schlagworte:
Tags: Tag hinzufügen
Keine Tags, Fügen Sie das erste Tag hinzu!

MARC

LEADER 00000nam a2200000 4500
001 c001922
005 20221214090055.1
020 |a 80-85424-93-2 
041 0 |a cze 
044 |a CZ 
245 1 0 |a Naučte se číst!  |c Richard Papík 
250 |a 1. vyd. 
264 1 |a Praha  |b Grada  |c 1992 
300 |a 181 s. 
610 2 0 |a informácie 
610 2 0 |a spracovanie dát 
610 2 0 |a komunikácia 
610 2 0 |a psychológia 
610 2 0 |a motivácia 
610 2 0 |a testy 
100 1 |a Papík, Richard